| 000 | 00871nam0a22002651 4500 | ||
|---|---|---|---|
| 001 | v19\rc\1969581 | ||
| 005 | 20251118181053.4 | ||
| 035 | _a(NLR Aleph) 005051850 | ||
| 090 |
_a6903018 _c6903018 |
||
| 100 | _a20080428d1915 u y0rusy50 ca | ||
| 101 | 0 | _arus | |
| 102 | _aRU | ||
| 105 | _ay z |||a| | ||
| 200 | 1 |
_aВ омуте темного царства _eМоре крови, разврата и слез _e(Салоны, трущобы и притоны) _eУголов. роман |
|
| 210 |
_aМосква _cА. Сазонов _d1915 |
||
| 215 |
_a285 с. _d18 |
||
| 316 |
_aЭкземпляр РНБ (37.66.2.89): утрачен _5NLR: 37.66.2.89 |
||
| 700 | 1 |
_aГлебов _bП.В. |
|
| 801 | 0 |
_aRU _bNLR _gpsbo |
|
| 801 | 0 |
_aRU _bRuMoRGB _2psbo |
|
| 801 | 1 |
_aRU _bProSoft-M _2rusmarc |
|
| 852 |
_aNLR _j37.66.2.89 |
||
| 899 | _aБАН | ||
| 942 | _cBOOK | ||
| 980 | _aNB | ||